| 000 | 01339cad a22002295a 4500 | ||
|---|---|---|---|
| 001 | L144304 | ||
| 008 | 071130s2008 xxkad f s 000 0 eng d | ||
| 035 | _a(Sirsi) u144304 | ||
| 041 | 0 | _aeng | |
| 050 | 0 | 4 | _a333.6324 $2 18 |
| 110 | 2 |
_aGVA Grimley _93646 |
|
| 245 | 0 | 0 |
_aUK economic property and market review _bsecond quarter 2008 _h[electronic resource] |
| 260 |
_aLondon _bGVA Grimley _c2008 |
||
| 490 | 0 |
_aGVA Grimley Economic and Property Market Review UK _vSecond Quarter 2008 |
|
| 520 | _aReports that the IPD Monthly Index shows continuing slowdown in rental growth across the commercial property sector. Year-on-year growth fell to 2.5% in May, down from 2.9% in April, continuing the a marked slowdown of recent months. All Property rents have had zero growth between the end of March and the end of May, and are only 0.6% higher than six months ago. The swift downturn in the central London office market is notable. Rents continue to rise in the retail sector, albeit at a weaker and slower rate. | ||
| 590 | _aKA NTK | ||
| 650 | 2 | 4 | _aGVA GRIMLEY ECONOMIC AND PROPERTY MARKET REVIEW UK |
| 651 | 4 |
_aUnited Kingdom _y |
|
| 690 | _aPROPERTY-COMMERCIAL PROPERTY-COMMERCIAL PROPERTY MARKET | ||
| 856 | 4 | 0 |
_uhttps://www.gvagrimley.co.uk/ _zView this report free of charge under research at www.gvagrimley.co.uk... |
| 942 | _n0 | ||
| 999 |
_c108447 _d108447 |
||